[Event "Pardubice Czech op-A 26th"]
[Site "Pardubice"]
[Date "2015.07.31"]
[Round "8"]
[White "Seger, Ruediger"]
[Black "Kali, Omer"]
[Result "1-0"]
[WhiteElo "2371"]
[BlackElo "2255"]
[PlyCount "91"]
[EventDate "2015.07.24"]
[EventType "swiss"]
[EventRounds "9"]
[EventCountry "CZE"]
[SourceTitle "CBM 167 Extra"]
[Source "ChessBase"]
[SourceDate "2015.09.14"]
[SourceVersion "1"]
[SourceVersionDate "2015.09.14"]
[SourceQuality "1"]

1. e4 e5 2. Nf3 Nc6 3. d4 exd4 4. Nxd4 Nf6 5. Nc3 Bb4 6. Nxc6 bxc6 7. Bd3 0-0 8. 0-0 Re8 9. Qf3 Rb8 10. Bg5 Bd6 11. Rab1 Be5 12. Bf4 Bxf4 13. Qxf4 d5 14. exd5 cxd5 15. b4 Be6 16. Qd4 c6 17. Qxa7 Qd6 18. Qd4 Nd7 19. Rfe1 c5 20. bxc5 Qxc5 21. Qxc5 Nxc5 22. Bb5 Rec8 23. a4 Ne4 24. Nxe4 dxe4 25. c4 f5 26. f3 Ra8 27. Rbc1 Rc5 28. fxe4 f4 29. Rf1 Rac8 30. a5 Bxc4 31. Rxc4 Rxc4 32. Bxc4+ Rxc4 33. Ra1 Rxe4 34. a6 Re8 35. a7 Ra8 36. Kf2 Kf7 37. Kf3 Kf6 38. Kxf4 Ke6 39. Ra6+ Kf7 40. Ke5 Ke7 41. Kd5 Kd7 42. Ra2 h6 43. h4 g6 44. g4 h5 45. g5 Ke7 46. Ke4 1-0

[Event "Pardubice Czech op-A 26th"]
[Site "Pardubice"]
[Date "2015.07.24"]
[Round "1"]
[White "Kali, Omer"]
[Black "Jakubowski, Krzysztof"]
[Result "0-1"]
[WhiteElo "2255"]
[BlackElo "2565"]
[PlyCount "88"]
[EventDate "2015.07.24"]
[EventType "swiss"]
[EventRounds "9"]
[EventCountry "CZE"]
[SourceTitle "CBM 167 Extra"]
[Source "ChessBase"]
[SourceDate "2015.09.14"]
[SourceVersion "1"]
[SourceVersionDate "2015.09.14"]
[SourceQuality "1"]

1. e4 c5 2. Nf3 e6 3. d4 cxd4 4. Nxd4 Nf6 5. Nc3 d6 6. Be3 a6 7. a4 b6 8. g4 Bb7 9. Bg2 d5 10. g5 Nxe4 11. Nxe4 dxe4 12. Qg4 Qd5 13. 0-0 Nd7 14. f4 Bc5 15. Rad1 0-0 16. Qe2 Rad8 17. c3 e5 18. Nf5 Qb3 19. Nd6 Bxd6 20. Rxd6 exf4 21. Rxf4 Ne5 22. Rxb6 Nf3+ 23. Kf2 Qd5 24. c4 Qd7 25. h4 Qc7 26. c5 Nd4 27. Qc4 Ne6 28. Rxe6 fxe6 29. Qxe6+ Kh8 30. Rxf8+ Rxf8+ 31. Kg1 Qg3 32. Bd4 Qe1+ 33. Kh2 Qxh4+ 34. Kg1 Qe1+ 35. Kh2 Qh4+ 36. Kg1 Qxg5 37. Qd6 Qc1+ 38. Kh2 Qf4+ 39. Qxf4 Rxf4 40. Be3 Rf8 41. Kg1 Bc6 42. Bf1 Rb8 43. Bd4 Rb4 44. Bc3 Rxa4 0-1

[Event "EU-ch 16th"]
[Site "Jerusalem"]
[Date "2015.03.08"]
[Round "11"]
[White "Salgado Lopez, Ivan"]
[Black "Kali, Omer"]
[Result "1-0"]
[WhiteElo "2628"]
[BlackElo "2089"]
[PlyCount "215"]
[EventDate "2015.02.24"]
[EventType "swiss"]
[EventRounds "11"]
[EventCountry "ISR"]
[SourceTitle "CBM 166"]
[Source "ChessBase"]
[SourceDate "2015.05.11"]
[SourceVersion "1"]
[SourceVersionDate "2015.05.11"]
[SourceQuality "1"]

1. e4 e5 2. Nf3 Nc6 3. Bb5 a6 4. Ba4 Nf6 5. 0-0 b5 6. Bb3 Bb7 7. Re1 Bc5 8. c3 d6 9. d4 Bb6 10. a4 0-0 11. Bg5 h6 12. Bh4 g5 13. Nxg5 hxg5 14. Bxg5 exd4 15. cxd4 Nxd4 16. Bd5 Ne6 17. Bh4 c6 18. Qf3 Bd4 19. e5 Nxd5 20. Qg4+ Ng7 21. Bxd8 Bxe5 22. Rxe5 dxe5 23. Bg5 f6 24. Bh6 Rf7 25. Nc3 Nxc3 26. bxc3 Rd8 27. Qg6 Rd6 28. h4 Rfd7 29. Be3 f5 30. Qg5 Kh7 31. h5 c5 32. axb5 axb5 33. Bxc5 Rh6 34. Bf8 Rxh5 35. Qf6 f4 36. Re1 Rh6 37. Qxe5 Re6 38. Qxe6 Nxe6 39. Rxe6 f3 40. gxf3 Bxf3 41. Kh2 Bd5 42. Rb6 Rb7 43. Ra6 Rc7 44. Bb4 Rc6 45. Ra5 Bc4 46. Ra7+ Kg6 47. Kg3 Kf5 48. f3 Bd5 49. Rd7 Bc4 50. Rd8 Rg6+ 51. Kf2 Rg8 52. Rd7 Re8 53. Bc5 Kf4 54. Rd4+ Kf5 55. Rh4 Kg5 56. Rg4+ Kf5 57. Rg7 Re2+ 58. Kg3 Re8 59. Rb7 Rg8+ 60. Kf2 Re8 61. Be3 Rg8 62. Bd4 Re8 63. Rb6 Re2+ 64. Kg3 Re6 65. Rb7 Re8 66. Rh7 Rg8+ 67. Kf2 Rg6 68. Re7 Re6 69. Rf7+ Kg6 70. Rb7 Kf5 71. Rb8 Re7 72. Kg3 Rf7 73. Rb6 Rf8 74. Rc6 Rg8+ 75. Kf2 Rf8 76. Rc5+ Ke6 77. Re5+ Kd6 78. Ke3 Rf6 79. Rg5 Re6+ 80. Kf4 Bd3 81. Bc5+ Kc6 82. Bb4 Be2 83. Rf5 Bc4 84. Rf8 Kd7 85. Bc5 Re8 86. Rf5 Kc6 87. Bb4 Re6 88. Rc5+ Kd7 89. Kg5 Rc6 90. Rf5 Re6 91. f4 Re1 92. Rf6 Re6 93. Rf7+ Kc6 94. f5 Re8 95. Ra7 Rg8+ 96. Kf6 Bd3 97. Ra6+ Kb7 98. Rd6 Bc2 99. Rd5 Kc6 100. Rc5+ Kb6 101. Re5 Kc6 102. Re6+ Kc7 103. Re2 Bd3 104. Rd2 Rg3 105. Rf2 Kd7 106. Rf4 Bc4 107. Rd4+ Kc7 108. Bd6+ 1-0

[Event "EU-ch 16th"]
[Site "Jerusalem"]
[Date "2015.03.06"]
[Round "10"]
[White "Kali, Omer"]
[Black "Kanmazalp, Ogulcan"]
[Result "1-0"]
[WhiteElo "2089"]
[BlackElo "2457"]
[PlyCount "111"]
[EventDate "2015.02.24"]
[EventType "swiss"]
[EventRounds "11"]
[EventCountry "ISR"]
[SourceTitle "CBM 166"]
[Source "ChessBase"]
[SourceDate "2015.05.11"]
[SourceVersion "1"]
[SourceVersionDate "2015.05.11"]
[SourceQuality "1"]

1. e4 c5 2. Nf3 d6 3. d4 cxd4 4. Nxd4 Nf6 5. Nc3 Nc6 6. Be2 e5 7. Nf3 Be7 8. 0-0 h6 9. h3 0-0 10. Re1 Be6 11. Bf1 Rc8 12. Nh2 Na5 13. Ng4 Nxg4 14. hxg4 Nc6 15. Nd5 Bg5 16. c3 Bxc1 17. Rxc1 Qa5 18. a4 Qd8 19. b4 Qg5 20. Ne3 Ne7 21. g3 Rfd8 22. Bg2 a5 23. b5 Rc5 24. c4 Nc8 25. Qd2 b6 26. Qe2 Ne7 27. Red1 Ng6 28. Rd2 Qe7 29. Rf1 Qc7 30. Rc2 Rc8 31. Rfc1 Qb7 32. Rd1 Qc7 33. Rdc1 Nf8 34. f4 f6 35. f5 Bf7 36. Bf1 Nh7 37. Qg2 Ng5 38. Bd3 Kf8 39. Qe2 Qb7 40. Nf1 Ke7 41. Kg2 g6 42. Nd2 gxf5 43. gxf5 Rg8 44. Rh1 h5 45. Nf3 Nxf3 46. Qxf3 Rg5 47. Kf2 Qc8 48. Rd2 Qg8 49. Be2 Bxc4 50. Bxc4 Rxc4 51. Rhd1 Qc8 52. Qa3 Rb4 53. Rc1 Qb7 54. Rc6 Rg4 55. Qa2 Qd7 56. Qc2 1-0

[Event "EU-ch 16th"]
[Site "Jerusalem"]
[Date "2015.03.04"]
[Round "8"]
[White "Kali, Omer"]
[Black "Sasson, Roei"]
[Result "1-0"]
[WhiteElo "2089"]
[BlackElo "1896"]
[PlyCount "55"]
[EventDate "2015.02.24"]
[EventType "swiss"]
[EventRounds "11"]
[EventCountry "ISR"]
[SourceTitle "CBM 166"]
[Source "ChessBase"]
[SourceDate "2015.05.11"]
[SourceVersion "1"]
[SourceVersionDate "2015.05.11"]
[SourceQuality "1"]

1. e4 c5 2. Nf3 Nc6 3. Bb5 e6 4. 0-0 Nge7 5. Re1 a6 6. Bf1 d5 7. d3 d4 8. Nbd2 e5 9. a4 Ng6 10. Nc4 b6 11. c3 Be7 12. g3 0-0 13. h4 f6 14. h5 Nh8 15. a5 Nxa5 16. Nxa5 bxa5 17. Nh4 Nf7 18. Nf5 g6 19. Nxe7+ Qxe7 20. Rxa5 Ra7 21. c4 f5 22. exf5 gxf5 23. Bg2 Qc7 24. Qa4 Nd6 25. Qa3 e4 26. Rxc5 Qf7 27. Bf4 Qf6 28. Rc6 1-0

[Event "EU-ch 16th"]
[Site "Jerusalem"]
[Date "2015.03.03"]
[Round "7"]
[White "Gruenfeld, Yehuda"]
[Black "Kali, Omer"]
[Result "1-0"]
[WhiteElo "2444"]
[BlackElo "2089"]
[PlyCount "103"]
[EventDate "2015.02.24"]
[EventType "swiss"]
[EventRounds "11"]
[EventCountry "ISR"]
[SourceTitle "CBM 166"]
[Source "ChessBase"]
[SourceDate "2015.05.11"]
[SourceVersion "1"]
[SourceVersionDate "2015.05.11"]
[SourceQuality "1"]

1. e4 e5 2. Nf3 Nc6 3. Bb5 a6 4. Ba4 Nf6 5. 0-0 b5 6. Bb3 Bb7 7. Re1 Bc5 8. c3 d6 9. d4 Bb6 10. Be3 0-0 11. Nbd2 exd4 12. cxd4 Nb4 13. d5 Nd3 14. Re2 c5 15. Bc2 Ne5 16. h3 Ng6 17. Nf1 Re8 18. Ng3 Nd7 19. Bg5 Qb8 20. Nf5 f6 21. Bc1 Ne7 22. Ng3 Ne5 23. Nh2 c4 24. Kh1 Nd7 25. Be3 Qa7 26. Ng4 Ne5 27. Bxb6 Qxb6 28. Ne3 N7g6 29. Nh5 Bc8 30. f4 Nf7 31. Qe1 Kh8 32. Qg3 Rg8 33. Nf5 Qd8 34. Nfxg7 Rxg7 35. Nxg7 Kxg7 36. f5 Nfe5 37. Rf1 Ra7 38. Ref2 Rf7 39. h4 Kh8 40. fxg6 hxg6 41. Bd1 Nd3 42. Qxg6 Nxf2+ 43. Rxf2 Qe7 44. Kg1 f5 45. Bc2 Bd7 46. exf5 Qe1+ 47. Rf1 Qe3+ 48. Kh2 Rg7 49. Qh5+ Rh7 50. Qg4 Qd2 51. Qe4 Rf7 52. f6 1-0

[Event "World ol U16"]
[Site "Gyor"]
[Date "2014.12.21"]
[Round "10.4"]
[White "Kali, Omer"]
[Black "Sieber, Fiona"]
[Result "1-0"]
[WhiteElo "2055"]
[BlackElo "2019"]
[PlyCount "141"]
[EventDate "2014.12.13"]
[EventType "team-swiss"]
[EventRounds "10"]
[EventCountry "HUN"]
[SourceTitle "EXT 2016"]
[Source "ChessBase"]
[SourceDate "2015.10.08"]
[SourceVersion "1"]
[SourceVersionDate "2015.10.08"]
[SourceQuality "1"]
[WhiteTeam "Israel"]
[BlackTeam "Germany"]
[WhiteTeamCountry "ISR"]
[BlackTeamCountry "GER"]

1. e4 c5 2. Nf3 d6 3. Bc4 Nf6 4. d3 Nc6 5. c3 g6 6. 0-0 Bg7 7. Re1 e5 8. Bb3 0-0 9. h3 Be6 10. Bxe6 fxe6 11. Nbd2 Nh5 12. g3 Qd7 13. Nf1 d5 14. N1h2 Nf6 15. Qe2 Rae8 16. Kg2 b5 17. Ng4 Nxg4 18. hxg4 c4 19. dxc4 bxc4 20. Rh1 Bf6 21. Bh6 Rf7 22. Rad1 Qb7 23. Bg5 Ref8 24. Rdf1 Bg7 25. Ne1 Na5 26. f3 Rb8 27. Bc1 d4 28. Rf2 Bf8 29. Qd2 d3 30. Qg5 Bc5 31. Be3 Bxe3 32. Qxe3 Rd7 33. Qd2 Qc6 34. Qg5 Qd6 35. Rd2 Nb7 36. Nc2 Nc5 37. Na3 Qc7 38. Nxc4 Nxe4 39. fxe4 Qxc4 40. Qxe5 Rbd8 41. b3 Qc6 42. Rf1 Rd6 43. Rf3 Qb7 44. Qf4 Qc7 45. Rdxd3 Qd7 46. Rxd6 Qxd6 47. Qxd6 Rxd6 48. a4 Rd2+ 49. Kf1 Kg7 50. a5 Rb2 51. b4 Kh6 52. Ke1 Kg5 53. Rf7 a6 54. Rxh7 Kxg4 55. Ra7 Rc2 56. Rxa6 Rxc3 57. Rxe6 Kxg3 58. Rxg6+ Kf4 59. Kd2 Rb3 60. Rb6 Kxe4 61. Kc2 Ra3 62. Kb2 Rh3 63. Rd6 Ke5 64. Rd1 Ke6 65. a6 Rh7 66. Kb3 Ra7 67. b5 Rh7 68. Kb4 Rh2 69. Rd3 Rb2+ 70. Kc5 Ra2 71. Kb6 1-0

[Event "World ol U16"]
[Site "Gyor"]
[Date "2014.12.18"]
[Round "6.4"]
[White "Tsiros, Fragkiskos Vlasios"]
[Black "Kali, Omer"]
[Result "1/2-1/2"]
[WhiteElo "2147"]
[BlackElo "2055"]
[PlyCount "97"]
[EventDate "2014.12.13"]
[EventType "team-swiss"]
[EventRounds "10"]
[EventCountry "HUN"]
[SourceTitle "EXT 2016"]
[Source "ChessBase"]
[SourceDate "2015.10.08"]
[SourceVersion "1"]
[SourceVersionDate "2015.10.08"]
[SourceQuality "1"]
[WhiteTeam "Greece"]
[BlackTeam "Israel"]
[WhiteTeamCountry "GRE"]
[BlackTeamCountry "ISR"]

1. e4 e5 2. Nf3 Nc6 3. Bb5 a6 4. Ba4 Nf6 5. 0-0 b5 6. Bb3 Bb7 7. c3 Nxe4 8. d4 exd4 9. Re1 d5 10. Ng5 Qf6 11. f3 h6 12. Nxe4 dxe4 13. Rxe4+ Ne7 14. Rf4 Nf5 15. Qe2+ Be7 16. Bc2 d3 17. Bxd3 Qb6+ 18. Kh1 Nd6 19. Be3 Qc6 20. Bd4 0-0-0 21. Nd2 Rhe8 22. Ne4 g5 23. Nxd6+ Bxd6 24. Re4 Qd7 25. Rxe8 Rxe8 26. Qf2 Bf4 27. Rd1 Qe6 28. Ba7 Bc6 29. a4 g4 30. Be4 Bxe4 31. fxe4 Qxe4 32. axb5 axb5 33. Rf1 Bd6 34. Bc5 Qe2 35. Qf5+ Qe6 36. Qf2 Qe2 37. Qf5+ Qe6 38. Qf2 Kb7 39. Bxd6 cxd6 40. Qxf7+ Qxf7 41. Rxf7+ Kc6 42. Kg1 Re2 43. Rf2 Re6 44. Rd2 Re4 45. Kf2 Kc5 46. Kg3 h5 47. Kh4 Re5 48. Kg3 d5 49. Kf4 1/2-1/2

[Event "World ol U16"]
[Site "Gyor"]
[Date "2014.12.14"]
[Round "3.4"]
[White "Poliakova, Emma"]
[Black "Kali, Omer"]
[Result "1/2-1/2"]
[WhiteElo "1679"]
[BlackElo "2055"]
[PlyCount "64"]
[EventDate "2014.12.13"]
[EventType "team-swiss"]
[EventRounds "10"]
[EventCountry "HUN"]
[SourceTitle "EXT 2016"]
[Source "ChessBase"]
[SourceDate "2015.10.08"]
[SourceVersion "1"]
[SourceVersionDate "2015.10.08"]
[SourceQuality "1"]
[WhiteTeam "Slovakia Middle"]
[BlackTeam "Israel"]
[WhiteTeamCountry "SVK"]
[BlackTeamCountry "ISR"]

1. e4 e5 2. Nf3 Nc6 3. c3 Nf6 4. d4 exd4 5. e5 Nd5 6. Qb3 Nb6 7. cxd4 d5 8. Bb5 Bd7 9. Nc3 a6 10. Bxc6 Bxc6 11. 0-0 Be7 12. Be3 Nc4 13. Rae1 0-0 14. Nd2 Nxd2 15. Bxd2 b5 16. f4 f5 17. Rc1 Qd7 18. Nd1 a5 19. Ne3 Bb7 20. Qc2 c6 21. h3 Kh8 22. Kh2 b4 23. g4 g6 24. Kg3 Rac8 25. Qd3 Qe6 26. Rfd1 Ra8 27. Qf1 Qf7 28. Ng2 Qe6 29. g5 Rfc8 30. Be3 Kg7 31. h4 Rh8 32. Qf3 h5 1/2-1/2

[Event "EU-ch U16 24th"]
[Site "Batumi"]
[Date "2014.10.22"]
[Round "4"]
[White "Kali, Omer"]
[Black "Bagdasarov, Eduard1111"]
[Result "1-0"]
[WhiteElo "2073"]
[BlackElo "1850"]
[PlyCount "61"]
[EventDate "2014.10.19"]
[EventType "swiss"]
[EventRounds "9"]
[EventCountry "GEO"]
[SourceTitle "EXT 2015"]
[Source "ChessBase"]
[SourceDate "2014.11.20"]
[SourceVersion "1"]
[SourceVersionDate "2014.11.20"]
[SourceQuality "1"]

1. e4 c6 2. d4 d5 3. exd5 cxd5 4. c4 Nf6 5. Nc3 Nc6 6. Bg5 Ne4 7. Be3 e6 8. Bd3 f5 9. Bxe4 dxe4 10. Nge2 Bd6 11. 0-0 0-0 12. Qd2 a6 13. Rad1 Qc7 14. g3 Qb8 15. c5 Bc7 16. f3 exf3 17. Rxf3 b5 18. Rff1 b4 19. Na4 Qb5 20. b3 Rd8 21. Bg5 Rd5 22. Qe3 e5 23. Nac3 bxc3 24. Nxc3 Nxd4 25. Nxd5 Bb7 26. Rxd4 f4 27. gxf4 Qxc5 28. Rd2 Bb6 29. Qxc5 Bxc5+ 30. Kg2 h6 31. Bh4 1-0

[Event "ISR-chT U18"]
[Site "Hakfar Hayarok"]
[Date "2014.08.19"]
[Round "2.6"]
[White "Erenberg, Ariel"]
[Black "Kali, Omer"]
[Result "0-1"]
[WhiteElo "2032"]
[BlackElo "2073"]
[PlyCount "148"]
[EventDate "2014.08.19"]
[EventType "team"]
[EventRounds "7"]
[EventCountry "ISR"]
[SourceTitle "EXT 2015"]
[Source "ChessBase"]
[SourceDate "2014.11.20"]
[SourceVersion "1"]
[SourceVersionDate "2014.11.20"]
[SourceQuality "1"]

1. d4 Nf6 2. c4 e6 3. g3 b6 4. Nf3 Bb7 5. Bg2 g6 6. Qc2 Bg7 7. 0-0 0-0 8. Nc3 d5 9. cxd5 exd5 10. Rd1 Na6 11. Bf4 Qe7 12. Ne5 Rfd8 13. a3 c5 14. dxc5 bxc5 15. Nf3 d4 16. Nb1 Nd5 17. Bg5 f6 18. Bc1 Nb6 19. b3 Be4 20. Qa2 Bd5 21. Re1 c4 22. bxc4 Bxc4 23. Qd2 f5 24. Bb2 Nc5 25. Qb4 a5 26. Qxb6 Ra6 27. Qxd8+ Qxd8 28. Nbd2 Bf7 29. Rac1 Na4 30. Ba1 Ra8 31. e3 dxe3 32. Rxe3 Rc8 33. Rxc8 Qxc8 34. Bxg7 Kxg7 35. Ng5 Qc1+ 36. Nf1 Kf6 37. Nxh7+ Kg7 38. Ng5 Bc4 39. h4 Nc3 40. Re7+ Kf8 41. Ra7 Qxa3 42. Ne3 Bb3 43. Nh7+ Ke8 44. Nf6+ Kd8 45. Rd7+ Kc8 46. Rg7 Qa1+ 47. Kh2 Ne4 48. Bxe4 Qxf6 49. Rxg6 Qb2 50. Bxf5+ Kc7 51. Kg2 a4 52. Be6 a3 53. Nc4 Qd4 54. Nxa3 Qe4+ 55. Kh2 Qxg6 56. Bxb3 Qd3 57. Nc4 Qxb3 58. Ne3 Kd7 59. Kg2 Ke6 60. h5 Qb7+ 61. f3 Qb2+ 62. Kf1 Qc1+ 63. Ke2 Qb2+ 64. Kf1 Qb5+ 65. Kf2 Qxh5 66. Ng2 Qc5+ 67. Kf1 Qc3 68. Nf4+ Kf5 69. Kg2 Qd2+ 70. Kf1 Qh2 71. Ne2 Kg5 72. g4 Kh4 73. Ke1 Qg2 74. Nf4 Qg3+ 0-1

[Event "ISR-chT U18"]
[Site "Hakfar Hayarok"]
[Date "2014.08.19"]
[Round "1.5"]
[White "Singer, Amit"]
[Black "Kali, Omer"]
[Result "0-1"]
[WhiteElo "1819"]
[BlackElo "2073"]
[PlyCount "130"]
[EventDate "2014.08.19"]
[EventType "team"]
[EventRounds "7"]
[EventCountry "ISR"]
[SourceTitle "EXT 2015"]
[Source "ChessBase"]
[SourceDate "2014.11.20"]
[SourceVersion "1"]
[SourceVersionDate "2014.11.20"]
[SourceQuality "1"]

1. e4 e5 2. Nf3 Nc6 3. Bc4 Nf6 4. d4 exd4 5. 0-0 Nxe4 6. Re1 d5 7. Bxd5 Qxd5 8. Nc3 Qa5 9. Nxe4 Be6 10. Neg5 0-0-0 11. Nxe6 fxe6 12. Rxe6 Bd6 13. a3 Qh5 14. Re1 Rhe8 15. Bd2 h6 16. h3 g5 17. Nh2 Qg6 18. Rc1 Kb8 19. Nf3 Rxe1+ 20. Qxe1 Re8 21. Qf1 g4 22. hxg4 Qxg4 23. Qd3 Rg8 24. Ne1 Qh4 25. Nf3 Qg4 26. Ne1 Ne5 27. Qb3 a6 28. c4 d3 29. Qd1 Qg6 30. g3 h5 31. Ng2 Qf7 32. Be3 Nf3+ 33. Kf1 h4 34. Nxh4 Nxh4 35. gxh4 Qg6 36. Ke1 Qe4 37. Kd2 Bf4 38. Bxf4 Qxf4+ 39. Kc3 Qxf2 40. Qd2 Qxh4 41. Kb3 Qd4 42. Rc3 Rg3 43. Ka2 Ka7 44. Rc1 Rf3 45. Rc3 b6 46. Rc1 Rf2 47. Qb4 Rc2 48. Rd1 Rxc4 49. Qd2 Qd5 50. Ka1 Rc2 51. Qxd3 Rc1+ 52. Rxc1 Qxd3 53. Rxc7+ Kb8 54. Rc1 Kb7 55. Rc3 Qd5 56. Kb1 b5 57. Kc2 a5 58. b3 Kb6 59. Rd3 Qg2+ 60. Rd2 Qe4+ 61. Kb2 b4 62. a4 Qe5+ 63. Ka2 Qc3 64. Rb2 Qc1 65. Rb1 Qa3# 0-1

[Event "Jerusalem Japhet Memorial op 2nd"]
[Site "Jerusalem"]
[Date "2014.07.23"]
[Round "8"]
[White "Kali, Omer"]
[Black "Zaltz, Dov"]
[Result "0-1"]
[WhiteElo "2025"]
[BlackElo "2254"]
[PlyCount "116"]
[EventDate "2014.07.16"]
[EventType "swiss"]
[EventRounds "9"]
[EventCountry "ISR"]
[SourceTitle "CBM 161 Extra"]
[Source "ChessBase"]
[SourceDate "2014.08.29"]
[SourceVersion "1"]
[SourceVersionDate "2014.08.29"]
[SourceQuality "1"]

1. e4 c5 2. Nf3 Nc6 3. Bb5 g6 4. c3 a6 5. Ba4 Nf6 6. e5 Nd5 7. Bb3 Nc7 8. d4 cxd4 9. cxd4 Bg7 10. 0-0 0-0 11. Bf4 d6 12. exd6 exd6 13. h3 Na5 14. Bc2 Ne6 15. Bd2 Nc4 16. Bc3 Nf4 17. Nbd2 Be6 18. b3 Na3 19. Rc1 Nxc2 20. Rxc2 Bf5 21. Nc4 Bxc2 22. Qxc2 b5 23. Ne3 Rc8 24. Kh1 b4 25. Qe4 bxc3 26. Qxf4 Qa5 27. a4 Rfe8 28. Ng5 Re7 29. Ne4 Bxd4 30. Nxd6 Be5 31. Qg5 f6 32. Nxc8 fxg5 33. Nxe7+ Kf7 34. Nc6 Qc5 35. Nxe5+ Qxe5 36. Rc1 Qd4 37. Kg1 Qd2 38. Rc2 Qe1+ 39. Kh2 Qa1 40. Kg3 Qb2 41. Kf3 Qxb3 42. Ke2 Qxa4 43. Rxc3 h5 44. Kf3 Ke6 45. g3 Qb5 46. Kg2 a5 47. Nc2 Qd5+ 48. Kg1 a4 49. Na3 Qd4 50. Re3+ Kd5 51. Kg2 Kc5 52. Re8 Qd5+ 53. Kg1 Qd7 54. Re4 Qd1+ 55. Kh2 Qf3 56. Rxa4 Qxf2+ 57. Kh1 Qe1+ 58. Kh2 Qe2+ 0-1

[Event "Jerusalem Japhet Memorial op 2nd"]
[Site "Jerusalem"]
[Date "2014.07.18"]
[Round "3"]
[White "Aharon, Ofir"]
[Black "Kali, Omer"]
[Result "1/2-1/2"]
[WhiteElo "2367"]
[BlackElo "2025"]
[PlyCount "93"]
[EventDate "2014.07.16"]
[EventType "swiss"]
[EventRounds "9"]
[EventCountry "ISR"]
[SourceTitle "CBM 161 Extra"]
[Source "ChessBase"]
[SourceDate "2014.08.29"]
[SourceVersion "1"]
[SourceVersionDate "2014.08.29"]
[SourceQuality "1"]

1. e4 e5 2. Nf3 Nc6 3. Bb5 a6 4. Ba4 Nf6 5. 0-0 b5 6. Bb3 Bb7 7. d3 Be7 8. Nc3 d6 9. a4 Na5 10. Ba2 b4 11. Ne2 0-0 12. Ng3 b3 13. cxb3 d5 14. Nxe5 dxe4 15. Qe1 Qd5 16. Nc4 Nxc4 17. dxc4 Qd7 18. Be3 Ng4 19. Rd1 Qe6 20. Qa5 Bd6 21. Qg5 h6 22. Qh4 f5 23. Bd4 Be5 24. Bxe5 Nxe5 25. Ne2 g5 26. Qh5 f4 27. Nd4 Qf6 28. b4 c5 29. bxc5 f3 30. c6 Bc8 31. c5+ Kg7 32. Ne6+ Bxe6 33. Bxe6 Qxe6 34. Rd6 Qf7 35. Qxh6+ Kg8 36. Re6 fxg2 37. Qxg5+ Qg7 38. Qxg7+ Kxg7 39. Kxg2 Rfe8 40. Rxe8 Rxe8 41. Rd1 Nd3 42. c7 Rc8 43. f3 Nxb2 44. Rd6 Rxc7 45. Rxa6 exf3+ 46. Kxf3 Rxc5 47. Ke4 1/2-1/2

[Event "Kiryat Ono op-A 4th"]
[Site "Kiryat Ono"]
[Date "2013.07.04"]
[Round "5"]
[White "Hadari, Ariel"]
[Black "Kali, Omer"]
[Result "1-0"]
[WhiteElo "2030"]
[BlackElo "1831"]
[PlyCount "113"]
[EventDate "2013.06.30"]
[EventType "swiss"]
[EventRounds "5"]
[EventCountry "ISR"]
[SourceTitle "CBM 155 Extra"]
[Source "ChessBase"]
[SourceDate "2013.08.26"]
[SourceVersion "1"]
[SourceVersionDate "2013.08.26"]
[SourceQuality "1"]

1. e4 e5 2. Nf3 Nc6 3. Bb5 a6 4. Bxc6 dxc6 5. 0-0 f6 6. d4 exd4 7. Nxd4 c5 8. Nb3 Qxd1 9. Rxd1 Be6 10. Nc3 Bd6 11. Nd5 Ne7 12. Nxe7 Kxe7 13. Be3 b6 14. Nc1 f5 15. Ne2 fxe4 16. Ng3 Be5 17. c3 Rhd8 18. Bg5+ Bf6 19. Rxd8 Rxd8 20. Bf4 Rd7 21. Nxe4 Bxa2 22. Nd2 g5 23. Be3 Bd5 24. Rxa6 Bc6 25. f3 h6 26. Kf2 Bb5 27. Ra8 Rd8 28. Rxd8 Kxd8 29. Ne4 Ke7 30. h4 gxh4 31. Bxh6 Bd3 32. Bf4 Bxe4 33. fxe4 c6 34. e5 Bg7 35. Kf3 Ke6 36. Kg4 c4 37. Kxh4 Kf5 38. Kg3 b5 39. Kf3 b4 40. g4+ Ke6 41. cxb4 Kd5 42. Ke3 Bf8 43. g5 Bxb4 44. Bg3 c3 45. bxc3 Bxc3 46. g6 Ke6 47. Ke4 c5 48. Kd3 Bb2 49. Bf4 Ba1 50. Kc4 Bd4 51. Kb5 Ke7 52. Bg5+ Ke6 53. Bf6 Be3 54. Kc4 Bh6 55. g7 Kf7 56. e6+ Kxf6 57. g8Q 1-0

[Event "Kiryat Ono op-A 4th"]
[Site "Kiryat Ono"]
[Date "2013.07.03"]
[Round "4"]
[White "Kali, Omer"]
[Black "Elbaum, Almog"]
[Result "1/2-1/2"]
[WhiteElo "1831"]
[BlackElo "2116"]
[PlyCount "139"]
[EventDate "2013.06.30"]
[EventType "swiss"]
[EventRounds "5"]
[EventCountry "ISR"]
[SourceTitle "CBM 155 Extra"]
[Source "ChessBase"]
[SourceDate "2013.08.26"]
[SourceVersion "1"]
[SourceVersionDate "2013.08.26"]
[SourceQuality "1"]

1. e4 e6 2. d4 d5 3. Nd2 c5 4. exd5 Qxd5 5. dxc5 Bxc5 6. Ngf3 Nf6 7. Bc4 Qc6 8. 0-0 b5 9. Bd3 Bb7 10. Nb3 Bb6 11. Qe2 a6 12. Be3 0-0 13. Bxb6 Qxb6 14. a4 Nd5 15. Qe4 f5 16. Qd4 bxa4 17. Qxb6 Nxb6 18. Nc5 Bxf3 19. gxf3 Nc6 20. Nxa4 Nd5 21. Nc5 Nd4 22. Rxa6 Rxa6 23. Bxa6 Nf4 24. Bb7 Nxc2 25. Rd1 Nd4 26. Kf1 Rd8 27. b4 e5 28. Nb3 Kf7 29. Nxd4 exd4 30. Ba6 Ke6 31. Ke1 Kd5 32. Kd2 Rd6 33. Bd3 Nxd3 34. Kxd3 Ra6 35. Rb1 Ra3+ 36. Ke2 d3+ 37. Kd2 Kd4 38. Rb2 Ra8 39. b5 Re8 40. Rb4+ Kc5 41. Rf4 g6 42. Kxd3 Kxb5 43. Rd4 Kc6 44. Rc4+ Kd6 45. Ra4 Re7 46. Ra5 Ke6 47. Ke2 Kf6+ 48. Kf1 Kg5 49. Kg2 Rc7 50. Ra4 Rc1 51. Rb4 Kh5 52. Rb5 Rc4 53. Rb7 h6 54. Rb5 Kh4 55. Rb6 Kg5 56. Ra6 h5 57. h3 Rc5 58. Rb6 Ra5 59. Rc6 f4 60. Rb6 Kf5 61. Rb8 Ra6 62. Rb5+ Kf6 63. h4 Re6 64. Rb8 Kf5 65. Rg8 Re7 66. Rf8+ Ke5 67. Rg8 Re6 68. Rh8 Rf6 69. Ra8 Rd6 70. Rf8 1/2-1/2

[Event "Kiryat Ono op-A 4th"]
[Site "Kiryat Ono"]
[Date "2013.07.01"]
[Round "2"]
[White "Kali, Omer"]
[Black "Shimonovich, Yoav"]
[Result "0-1"]
[WhiteElo "1831"]
[BlackElo "2156"]
[PlyCount "88"]
[EventDate "2013.06.30"]
[EventType "swiss"]
[EventRounds "5"]
[EventCountry "ISR"]
[SourceTitle "CBM 155 Extra"]
[Source "ChessBase"]
[SourceDate "2013.08.26"]
[SourceVersion "1"]
[SourceVersionDate "2013.08.26"]
[SourceQuality "1"]

1. e4 d6 2. d4 Nf6 3. Nc3 g6 4. Be3 Ng4 5. Bf4 Bg7 6. Be2 Nf6 7. Qd2 Nc6 8. 0-0-0 0-0 9. Kb1 a6 10. Bh6 e5 11. Bxg7 Kxg7 12. Nf3 Bg4 13. d5 Bxf3 14. Bxf3 Nd4 15. Qe3 b5 16. g4 Nd7 17. h4 h6 18. Bg2 b4 19. Ne2 Nxe2 20. Qxe2 a5 21. Qd2 Qb8 22. f4 exf4 23. Qxf4 Ne5 24. g5 h5 25. Rh3 a4 26. Bf1 Ra5 27. c4 Qb6 28. Be2 Rc5 29. Rc1 Qb8 30. Rg3 Qd8 31. Qd2 Qb8 32. Qf4 b3 33. axb3 axb3 34. Qe3 Qa7 35. Qxb3 Rb8 36. Qc3 Ra5 37. Kc2 Ra2 38. Rb1 Kh7 39. Re3 Qc5 40. Rg3 Rb4 41. Kd1 Nxc4 42. Qf6 Ne5 43. Rc3 Qxc3 44. Rc1 Rd4+ 0-1

[Event "Kiryat Ono op-A 4th"]
[Site "Kiryat Ono"]
[Date "2013.06.30"]
[Round "1"]
[White "Kudischewitsch, David"]
[Black "Kali, Omer"]
[Result "1-0"]
[WhiteElo "2335"]
[BlackElo "1831"]
[PlyCount "81"]
[EventDate "2013.06.30"]
[EventType "swiss"]
[EventRounds "5"]
[EventCountry "ISR"]
[SourceTitle "CBM 155 Extra"]
[Source "ChessBase"]
[SourceDate "2013.08.26"]
[SourceVersion "1"]
[SourceVersionDate "2013.08.26"]
[SourceQuality "1"]

1. c4 Nf6 2. Nc3 d5 3. cxd5 Nxd5 4. g3 g6 5. Bg2 Nb6 6. Nf3 Bg7 7. d4 0-0 8. 0-0 Nc6 9. e3 e5 10. d5 Nb4 11. e4 c6 12. Qb3 Na6 13. Rd1 cxd5 14. exd5 Bf5 15. Be3 Rc8 16. a4 Nc5 17. Qb5 Nbd7 18. Qe2 Bf6 19. h3 h5 20. d6 Be6 21. Nd5 Bxd5 22. Rxd5 b6 23. Nd2 Bg5 24. Bxg5 Qxg5 25. b4 Ne6 26. Nf3 Qf6 27. Nxe5 Nxe5 28. Qxe5 Qxe5 29. Rxe5 Rfd8 30. Rd1 Rc4 31. Re4 Rxe4 32. Bxe4 Kf8 33. Bc6 Ng7 34. g4 hxg4 35. hxg4 Ne8 36. d7 Nc7 37. Re1 g5 38. f4 gxf4 39. g5 Ne6 40. g6 Ng7 41. Re8+ 1-0